| 000 | 004660000a22001810004500 | ||
|---|---|---|---|
| 003 | MACL | ||
| 005 | 20151220151645.0 | ||
| 008 | 151220b xxu||||| |||| 00| 0 eng d | ||
| 040 |
_aMACL _cMACL |
||
| 041 | _aEnglish | ||
| 082 | _a745.92/CLE | ||
| 100 |
_aClements, Julia _921646 |
||
| 245 | _aFlower Arranging For All Occasions | ||
| 260 |
_bBrockhampton Press _c1993 _aLondon |
||
| 350 | _a1351 | ||
| 650 |
_aDecorative Arts _97454 |
||
| 942 |
_cBK _k745.92/CLE _2ddc |
||
| 999 |
_c40292 _d40292 |
||